LEADER 01232nam a2200301 u 4500 001 000000073016 003 CaOOAMICUS 005 20070226122314.0 008 020626s1984 it u000 u ita u 020 $a8870265609 035 $a10934778 040 $aPUL(R)$bita 245 00$aMemoria del sacro e tradizione orale. 260 $aPadova :$bEd. Messaggero,$c1984. 300 $a439 p. ;$c25 cm 490 1 $aCentro studi antoniani ;$v7 500 $aContiene indice. 500 $aIn testa al front. ; Atti del terzo colloquio interdisciplinare del centro studi antoniani (Padova, 4-6 gennaio 1984). 504 $aBibliografia in nota. 650 4$aTradizione (teologia).$0(OLS)http://pul/subject/5642 830 0$aCentro studi antoniani (Padova) ;$v7.$0(OLS)http://pul/title/96025 850 $aPUL 852 $aPUL$W1$xDP1 Cons. Gen., Altre Classi 1$y22$m780 A 47$j94408$nBK-PRI$b $qStampati$B94408$CPULBib$Z2$F94408 $H $81 941 1 $a8 961 $aINV: 53269 996 $6020$a8870265609$9(OLS)http://pul/number/94217 996 $6245$aMemoria del sacro e tradizione orale$9(OLS)http://pul/title/96024 996 $6260$aPadova :$bEd. Messaggero$9(OLS)http://pul/publisher/61039 LEADER 01862nam a2200349 a 4500 001 000000162268 003 CaOOAMICUS 005 20170725110610.0 008 170725s2010 it ch u000 u ita r 020 $z978-88-498-2634-0* 032 $aLibriCat 040 $aPUL$bita 082 04$a195 100 1 $aVecchi, Fabio,$d1961-$0(OLS)http://pul/name/68295 245 10$aCinque studi sull'umanesimo giuridico di Luigi Bogliolo :$bcon una biografia e una raccolta bibliografica completa /$cFabio Vecchi ; prefazione di Mario Tedeschi. 260 $aSoveria Mannelli :$bRubbettino,$c©2010. 300 $a356 p. :$britr., facsim. ;$c24 cm. 490 1 $aCollana della Facoltą di Giurisprudenza dell'Universitą degli studi Magna Graecia di Catanzaro 504 $aBibliografia in nota. 600 14$aBogliolo, Luigi,$cS.D.B.,$d1910-1999$xCritica e interpretazione.$0(OLS)http://pul/subject/20130 700 1 $aTedeschi, Mario.$0(OLS)http://pul/name/21538 710 2 $aUniversitą degli studi Magna Graecia di Catanzaro.$bFacoltą di Giurisprudenza.$0(OLS)http://pul/name/104065 830 0$aCollana della Facoltą di Giurisprudenza dell'Universitą degli studi Magna Graecia di Catanzaro.$0(OLS)http://pul/title/146421 850 $aPUL 852 $aPUL$W1$xSL Filosofia 3$y81$m195 VECFA 1$j186256$qDDC 21$B189477$CPULBib$Z2$F189477 $H130036 $81 941 1 $a9 961 $aDedica autografa dell?autore. 996 $6020$z978-88-498-2634-0*$9(OLS)http://pul/number/163059 996 $6082$a195$9(OLS)http://pul/classification/342 996 $6245$aCinque studi sull'umanesimo giuridico di Luigi Bogliolo :$bcon una biografia e una raccolta bibliografica completa$9(OLS)http://pul/title/202035 996 $6260$aSoveria Mannelli :$bRubbettino$9(OLS)http://pul/publisher/51639